Evaluating research in speech pathology and audiology / (Record no. 2100)
[ view plain ]
| 000 -LEADER | |
|---|---|
| fixed length control field | 00613cam a2200181 a 4500 |
| 005 - DATE AND TIME OF LATEST TRANSACTION | |
| control field | 20250901165323.0 |
| 008 - FIXED-LENGTH DATA ELEMENTS--GENERAL INFORMATION | |
| fixed length control field | 860801s1986 nyua b 001 0 eng |
| 010 ## - LIBRARY OF CONGRESS CONTROL NUMBER | |
| LC control number | 85017926 |
| 020 ## - INTERNATIONAL STANDARD BOOK NUMBER | |
| International Standard Book Number | 0024229407 |
| 050 10 - LIBRARY OF CONGRESS CALL NUMBER | |
| Classification number | RC423 |
| Item number | .V45 1986 |
| 082 00 - DEWEY DECIMAL CLASSIFICATION NUMBER | |
| Classification number | 616.85/5/0072 |
| Edition information | 19 |
| 100 1# - MAIN ENTRY--PERSONAL NAME | |
| Personal name | Ventry, Ira M. |
| 245 10 - TITLE STATEMENT | |
| Title | Evaluating research in speech pathology and audiology / |
| Statement of responsibility, etc. | Ira M. Ventry, Nicholas Schiavetti, with a chapter by Teri A. Denson. |
| 250 ## - EDITION STATEMENT | |
| Edition statement | 2nd ed. |
| 260 ## - PUBLICATION, DISTRIBUTION, ETC. | |
| Place of publication, distribution, etc. | New York : |
| Name of publisher, distributor, etc. | Macmillan Pub. Co., |
| Date of publication, distribution, etc. | c1986. |
| 300 ## - PHYSICAL DESCRIPTION | |
| Extent | xv, 448 p. : |
| Other physical details | ill. ; |
| Dimensions | 25 cm. |
| 942 ## - ADDED ENTRY ELEMENTS (KOHA) | |
| Source of classification or shelving scheme | Library of Congress Classification |
| Classification part | RC423 .V46 1985 |
| Withdrawn status | Lost status | Source of classification or shelving scheme | Damaged status | Not for loan | Home library | Current library | Shelving location | Date acquired | Total checkouts | Full call number | Barcode | Date last seen | Price effective from | Koha item type |
|---|---|---|---|---|---|---|---|---|---|---|---|---|---|---|
| Library of Congress Classification | Main Library | Main Library | 03/10/2021 | RC423 .V45 1986 | PIU0002359 | 03/10/2021 | 03/10/2021 | Books |